Φορτώνει......
Principles of history
| Κύριος συγγραφέας: | |
|---|---|
| Άλλοι συγγραφείς: | |
| Μορφή: | Printed Book |
| Έκδοση: |
Delhi
OUP
1999
|
| Θέματα: |
| LEADER | 00451cam a2200157ua 4500 | ||
|---|---|---|---|
| 020 | |a 0-19-823703-0 | ||
| 082 | |a 901 |b DRA/P | ||
| 100 | |a Dray,W.H | ||
| 245 | 1 | 0 | |a Principles of history |
| 260 | |a Delhi |b OUP |c 1999 | ||
| 300 | |a lxxxviii,293p. | ||
| 650 | 0 | |a History | |
| 700 | 0 | 2 | |a Dusen, W.J. Van Der |
| 942 | |c BK | ||
| 999 | |c 2972 |d 2972 | ||
| 952 | |0 0 |1 0 |4 0 |6 901_000000000000000_DRAP |7 0 |9 3114 |a KUCL |b KUCL |d 2014-05-23 |l 2 |o 901 DRA/P |p 06102 |r 2016-04-08 |s 2016-02-20 |y BK | ||